000 00711nam a2200229 i 4500
001 185569
003 SpMaBN
005 20230906222452.0
008 160718s1996 sp |||| | spa d
020 _a84-7669-230-7
080 _a22:82
100 1 _aFrye, Northrop.
_952794
245 1 0 _aPoderosas palabras
_b: la Biblia y nuestras metáforas /
_cNorthrop Frye ; traducido del inglés por Claudio López de Lamadrid.
260 _aBarcelona :
_bMuchnik,
_c[1996]
300 _a420 p. ;
_c21 cm.
490 1 _aEnsayo
500 _aÍndices.
650 7 _aBiblia y literatura.
_9160154
830 0 _aEnsayo
_9177699
852 _aES-MaACL
_jL-30441
_z. - Donat. Miguel A. Velasco
999 _c185569
_d185569